Country names in Russian - Statistics

General Stats
  • This quiz has been taken 292 times
  • The average score is 22 of 24
Answer Stats
Name in Russian Name in English % Correct
Индия India
96%
Мадагаскар Madagascar
96%
Мексика Mexico
96%
Того Togo
96%
Соединённые Штаты Америки United States
96%
Австралия Australia
94%
Иран Iran
92%
Италия Italy
92%
Россия Russia
92%
Украина Ukraine
92%
Ангола Angola
90%
Германия Germany
90%
Либерия Liberia
90%
Бразилия Brazil
89%
Франция France
89%
Уругвай Uruguay
89%
Куба Cuba
88%
Португалия Portugal
88%
Сербия Serbia
88%
Австрия Austria
87%
Малайзия Malaysia
87%
Турция Turkey
86%
Греция Greece
84%
Швеция Sweden
78%
No matching quizzes found
Score Distribution
Percent of People with Each Score
Percentile by Number Answered
Your Score History
You have not taken this quiz